Baldur's Gate Companions - Statistics

General Stats
  • This quiz has been taken 39 times
  • The average score is 31 of 55
Answer Stats
Hint Answer % Correct
Human Ranger (with a hamster) (1, 2, & 3) Minsc of Rashemen
94%
Half-elf Fighter/Druid (1, 2, & 3) Jaheira
91%
Elf Rogue (Vampire) (BG3) Astarion Ancunin
85%
Human Wizard (BG3) Gale Dekarios
85%
Tiefling Barbarian (BG3) Karlach Cliffgate
82%
Half-elf Cleric of Shar (BG3) Shadowheart
82%
Human Thief/Mage (Your sister) (BG1 & 2) Imoen
79%
Half-elf Fighter (BG1) Khalid
79%
Githyanki Fighter (BG3) Lae'zel of Crèche K'liir
79%
Drow Paladin (BG3) Minthara Baenre
79%
Drow Cleric of Shar (BG1 & 2) Viconia DeVir
79%
Human Warlock (BG3) Wyll Ravengard
79%
Elf Cleric/Mage (Wingless Elf) (BG2) Aerie
73%
Human Conjurer (Red Wizard) (BG1 & 2) Edwin Odesseiron
73%
Human Fighter (Half-brother) (BG2: ToB) Sarevok Anchev
73%
Elf Druid (BG3) Halsin
70%
Human Invoker (Witch) (BG1) Dynaheir
67%
Elf Enchanter (BG1) Xan
67%
Human Fighter/Cleric (BG2) Anomen Delryn
64%
Half-orc Blackguard (BG1 & 2) Dorn Il-Khan
64%
Human Necromancer (BG1) Xzar
61%
Drow Sorcerer (BG1) Baeloth Barrityl
58%
Gnome Illusionist/Thief (BG2) Jan Jansen
58%
Halfling Fighter (BG2) Mazzy Fentan
58%
Human Thief/Mage (BG2) Nalia de'Arnise
55%
Human Thief (Extremely dead noble) (BG1) Skie Silvershield
55%
Human Stalker (BG2) Valygar Corthala
55%
Human Shapeshifter (Werewolf) (BG2) Cernd
52%
Tiefling Blade (Bard) (BG2) Haer'Dalis
52%
Human Inquisitor (BG2) Keldorn Firecam
52%
Halfling Fighter/Thief (BG1) Montaron
52%
Half-elf Sorcerer (Wild Mage) (BG1 & 2) Neera
52%
Human Monk (Sun Soul) (BG1 & 2) Rasaad yn Bashir
52%
Human Bounty Hunter (BG2) Yoshimo
52%
Human Priest of Tempus (BG1) Branwen
48%
Human Thief (Vampire) (BG2) Hexxat
48%
Human Paladin (BG1) Ajantis Ilvastarr
45%
Halfling Thief (BG1) Alora
45%
Human Bard (BG1) Garrick
45%
Elf Ranger (BG1) Kivan
45%
Dwarf Berserker (BG2) Korgan Bloodaxe
45%
Human Druid (Shadow Druid) (BG1) Faldorn
42%
Dwarf Fighter (BG1) Kagain
42%
Human Thief (BG1) Safana
42%
Elf Fighter/Thief (BG1) Coran
39%
Gnome Cleric/Illusionist (BG1) Quayle
39%
Human Fighter (BG1) Shar-Teel Dosan
39%
Gnome Cleric/Thief of Cyric (BG1) Tiax
39%
Grizzly Bear Fighter (BG2) Wilson
36%
Human Bard (BG1) Eldoth Kron
33%
Gnome Cleric/Thief (BG: SoD) Glint Gardnersonson
33%
Goblin Shaman (BG: SoD) M'Khiin Grubdoubler
30%
Human Archer (BG: SoD) Schael Corwin
27%
Dwarf Fighter/Cleric (BG1) Yeslick Orothiar
27%
Human Skald (BG: SoD) Voghiln the Mighty
24%
No matching quizzes found
Score Distribution
Percent of People with Each Score
Percentile by Number Answered
Your Score History
You have not taken this quiz